| Tag |
First Indicator |
Second Indicator |
Subfields |
| LEADER |
00000cam a2200000 i 4500 |
| 001 |
in00005520921 |
| 006 |
m o d |
| 007 |
cr cnu|||unuuu |
| 008 |
200117s2020 flu fof 000 0 eng d |
| 005 |
20241108165636.1 |
| 035 |
|
|
|a (OCoLC)on1136610904
|
| 040 |
|
|
|a TYFRS
|b eng
|e rda
|e pn
|c TYFRS
|d TYFRS
|d OCLCF
|d OCLCQ
|d OCLCO
|d K6U
|d OCLCO
|d OCLCQ
|d OCLCO
|d OCLCL
|
| 020 |
|
|
|a 9781315214078
|q (electronic bk.)
|
| 020 |
|
|
|a 1315214075
|q (electronic bk.)
|
| 020 |
|
|
|a 9781351838405
|q (electronic bk. ;
|q PDF)
|
| 020 |
|
|
|a 1351838407
|q (electronic bk. ;
|q PDF)
|
| 020 |
|
|
|a 9781351821278
|q (electronic bk. ;
|q Mobipocket)
|
| 020 |
|
|
|a 135182127X
|q (electronic bk. ;
|q Mobipocket)
|
| 020 |
|
|
|a 9781351829960
|q (electronic bk. ;
|q EPUB)
|
| 020 |
|
|
|a 1351829963
|q (electronic bk. ;
|q EPUB)
|
| 020 |
|
|
|z 9780824797195
|
| 035 |
|
|
|a (OCoLC)1136610904
|
| 037 |
|
|
|a 9781315214078
|b Taylor & Francis
|
| 050 |
|
4 |
|a TA1800
|
| 072 |
|
7 |
|a TEC
|x 019000
|2 bisacsh
|
| 072 |
|
7 |
|a SCI
|x 053000
|2 bisacsh
|
| 072 |
|
7 |
|a PHJ
|2 bicssc
|
| 082 |
0 |
4 |
|a 621.3692
|2 23
|
| 049 |
|
|
|a TXAM
|
| 100 |
1 |
|
|a Murata, Hiroshi,
|d 1925-
|e author.
|1 https://id.oclc.org/worldcat/entity/E39PCjCKXMHXvH6tpmcJkrY773
|
| 245 |
1 |
0 |
|a Handbook of Optical Fibers and Cables /
|c Hiroshi Murata.
|
| 250 |
|
|
|a Second edition.
|
| 264 |
|
1 |
|a Boca Raton :
|b CRC Press,
|c 2020.
|
| 300 |
|
|
|a 1 online resource (552 pages)
|
| 336 |
|
|
|a text
|b txt
|2 rdacontent
|
| 337 |
|
|
|a computer
|b c
|2 rdamedia
|
| 338 |
|
|
|a online resource
|b cr
|2 rdacarrier
|
| 490 |
1 |
|
|a Optical Science and Engineering ;
|v 1
|
| 505 |
0 |
|
|a Otical fibres; optical fibre cables; splicing of fibres; connectors; joining of optical fibre cables; measurement of optical fibres installation of optical fibre cable; applications of optical fibre.
|
| 520 |
|
|
|a This work covers the history of optical communications, fibres and fiber cables, and compares optical fibres with other transmission media. It also discusses optical fibre materials, reliability and manufacture, illustrates the design, construction and properties of recent cables used for optical fibre, describes fibre splicing and presents automated fibre splicing machines, and more.
|
| 545 |
0 |
|
|a HlROSHl MURATA is a Consultant to The Furukawa Electric Company, Ltd. in Tokyo, Japan, where he has served in a variety of engineering and management positions since 1947. Previously he worked in Furukawa's Telecommunication Laboratory on broad-band balanced type cables, coaxial cables, and circular millimeter waveguides, and, as Manager of the Development of Optical Fibers and Cables, he contributed significantly to research on optical fibers, cables, and communications. The author of three books and numerous technical papers, Dr. Murata holds 36 patents in Japan as well as one each in England and France. He is a Fellow of the Institute of Electrical and Electronics Engineers (IEEE), which presented him with a citation "for leadership in the development of optical fiber cable technology" in 1986, and he is a member of the Optical Society of America and the Institute of Electronics, Information and Communication Engineers of Japan. Dr. Murata received the B.S. (1947) and Ph. D. (1962) degrees in electrical engineering from Tokyo University in Japan.
|
| 588 |
0 |
|
|a Vendor-supplied metadata.
|
| 650 |
|
0 |
|a Optical fibers
|v Handbooks, manuals, etc.
|
| 650 |
|
6 |
|a Fibres optiques
|v Guides, manuels, etc.
|
| 650 |
|
7 |
|a TECHNOLOGY
|x Lasers.
|2 bisacsh
|
| 650 |
|
7 |
|a SCIENCE
|x Optics.
|2 bisacsh
|
| 650 |
|
7 |
|a Optical fibers
|2 fast
|
| 655 |
|
7 |
|a Electronic books.
|2 local
|
| 655 |
|
7 |
|a Handbooks and manuals
|2 fast
|
| 710 |
2 |
|
|a Taylor & Francis.
|
| 830 |
|
0 |
|a Optical science and engineering (CRC Press) ;
|v 1.
|
| 856 |
4 |
0 |
|u http://proxy.library.tamu.edu/login?url=https://www.taylorfrancis.com/books/9781315214078
|z Connect to the full text of this electronic book
|t 0
|
| 955 |
|
|
|a Taylor and Francis ENGnetBASE
|
| 994 |
|
|
|a 92
|b TXA
|
| 999 |
f |
f |
|s 11d6a463-274a-4b8f-937e-4d57bd3e295b
|i 60a578c7-bf35-439f-82c6-768ad3c4fa28
|t 0
|
| 952 |
f |
f |
|a Texas A&M University
|b College Station
|c Electronic Resources
|d Available Online
|t 0
|e TA1800
|h Library of Congress classification
|
| 998 |
f |
f |
|a TA1800
|t 0
|l Available Online
|